| 000 | 00385cam a22001337a 4500 | ||
|---|---|---|---|
| 008 | 180718b1985 xxu||||| |||| 00| 0 eng d | ||
| 082 | _aL211x54 K527 | ||
| 100 | _aKharabanda, S.R. | ||
| 245 |
_aH.U.F. tax planning and assessment _cby S.R. Kharabanda and Prem Nath |
||
| 260 |
_aDelhi _bCommerical _c1985 |
||
| 300 | _a508p. | ||
| 650 | _aTaxation, Direct - India | ||
| 700 | _aPrem Nath | ||
| 999 |
_c348081 _d348081 |
||